01242nam a22001937a 4500003000900000008004100009020001800050040007100068082001900139100002300158245010100181260006800282300003000350500003200380505053900412650002800951650003100979650003801010AR-CdUCM190409b ||||| |||| 00| 0 spa d a9786120044520 aMUNICIPALIDAD PROVINCIAL DEL CUSCOcBIBLIOTECA MUNICIPAL DEL CUSCO a371.3/T57bT57 aTinta Ayma, Sabino aCómo innovar en la escuela :bideas claves para lograr el éxito escolar /cSabino Tinta Ayma aLima :b[s.n.],bTarea Asociación Gráfica Educativa,c2019. a153 páginas. : c24 cm. zBibliografía: p. 149-151. a¿Por qué necesitamos innovar en la escuela? La innovación docente como factor de la calidad educativa. ¿Cómo surgen las innovaciones en la escuela?¿Cuál es el proceso de la innovación? Sostenibilidad de la innovación docente: un desafío permanente. El rol del docente en el proceso de la innovación y factores que la facilitan. Cómo promover cultura de innovación en la organización de la escuela. Trabajo colaborativo entre docentes e innovación. Experiencias de buenas prácticas e innovación educativa aInnovaciones educativas aEficacia de los profesores aProgramas de mejoramiento escolar